Catálogo
 En Linea

La situaciòn de san Pedro de Macoris y reflexiòn sobre posibles soluciones / (Registro nro. 48992)

Detalles MARC
000 -CABECERA
campo de control de longitud fija 00584nam a22001817a 4500
003 - IDENTIFICADOR DEL NÚMERO DE CONTROL
campo de control OSt
005 - FECHA Y HORA DE LA ÚLTIMA TRANSACCIÓN
campo de control 20201030114712.0
008 - DATOS DE LONGITUD FIJA--INFORMACIÓN GENERAL
campo de control de longitud fija 199230b ||||| |||| 00| 0 eng d
040 ## - FUENTE DE LA CATALOGACIÓN
Centro catalogador/agencia de origen DO-SdBNP
Lengua de catalogación spa
Centro/agencia transcriptor BNPHU
082 ## - NÚMERO DE LA CLASIFICACIÓN DECIMAL DEWEY
Número de clasificación xxx
Número de documento/Ítem A644s
100 ## - ENTRADA PRINCIPAL--NOMBRE DE PERSONA
Nombre de persona Aponte Cotes, Bruno
9 (RLIN) 77077
245 ## - MENCIÓN DE TÍTULO
Título La situaciòn de san Pedro de Macoris y reflexiòn sobre posibles soluciones /
Mención de responsabilidad, etc. Bruno Aponte Cotes
260 ## - PUBLICACIÓN, DISTRIBUCIÓN, ETC.
Lugar de publicación, distribución, etc. El Soco, San Pedro de Macoris :
Nombre del editor, distribuidor, etc. Imprenta Romana,
Fecha de publicación, distribución, etc. 1992
300 ## - DESCRIPCIÓN FÍSICA
Extensión 56 p.
Dimensiones 22 cm
590 ## - NOTA LOCAL (RLIN)
Nota local Inventariado, 2020 / DG
910 ## - DATOS DE OPCIÓN DEL USUARIO (OCLC)
Datos de opción del usuario Inventariado, 2020 / DG
942 ## - ELEMENTOS DE PUNTO DE ACCESO ADICIONAL (KOHA)
Fuente del sistema de clasificación o colocación Dewey Decimal Classification
Tipo de ítem Koha Libro
Existencias
Estado de retiro Estado de pérdida Fuente del sistema de clasificación o colocación No para préstamo Localización permanente Ubicación/localización actual Ubicación en estantería Fecha de adquisición Fuente de adquisición Total de préstamos Signatura topográfica completa Fecha visto por última vez Precio válido a partir de Tipo de ítem Koha
    Dewey Decimal Classification   Biblioteca Nacional Pedro Henríquez Ureña Biblioteca Nacional Pedro Henríquez Ureña En catalogación 10.10.2013 Donado por la Familia Reyes Duluc   xxx A644s 30.10.2020 30.10.2020 Libro

Con tecnología Koha